OCA : Oracle 10g administration I study guide /
Đã lưu trong:
| 其他作者: | |
|---|---|
| 格式: | Sách giấy |
| 出版: |
San Francisco [Calif.] ; London :
SYBEX,
c2005.
|
| 主题: | |
| 在线阅读: | Table of contents only Contributor biographical information Publisher description |
| 标签: |
添加标签
没有标签, 成为第一个标记此记录!
|
| Thư viện lưu trữ: | Thư viện Trường Đại học Đà Lạt |
|---|
| LEADER | 01574nam a2200445 4500 | ||
|---|---|---|---|
| 001 | DLU110127157 | ||
| 005 | ##20111026 | ||
| 008 | ##050321s2005 caua 001 0 eng d | ||
| 010 | # | # | |a 2005297155 |
| 015 | # | # | |a GBA468313 |2 bnb |
| 020 | # | # | |a 0782143679 (pbk.) |
| 035 | # | # | |a (OCoLC)ocm58430433 |
| 040 | # | # | |a EQO |c EQO |d DLC |
| 042 | # | # | |a lccopycat |
| 082 | # | # | |a 005.756 5 |b OCA |
| 245 | # | # | |a OCA : |b Oracle 10g administration I study guide / |c Chip Dawes ... [et al.]. |
| 246 | # | # | |a Oracle 10g administration I |
| 260 | # | # | |a San Francisco [Calif.] ; |a London : |b SYBEX, |c c2005. |
| 300 | # | # | |a 318 p. : |b ill. ; |c 30 cm. |
| 500 | # | # | |a "Exam 1Z0-042"--Cover. |
| 500 | # | # | |a Includes index. |
| 538 | # | # | |a System requirements for accompanying disc: Windows 98 (or higher). |
| 630 | # | # | |a Oracle (Computer file) |x Examinations |v Study guides. |
| 650 | # | # | |a Database management |x Examinations |v Study guides. |
| 650 | # | # | |a Electronic data processing personnel |x Certification. |
| 700 | # | # | |a Dawes, Chip. |
| 856 | # | # | |3 Table of contents only |u http://www.loc.gov/catdir/enhancements/fy0627/2005297155-t.html |
| 856 | # | # | |3 Contributor biographical information |u http://www.loc.gov/catdir/enhancements/fy0627/2005297155-b.html |
| 856 | # | # | |3 Publisher description |u http://www.loc.gov/catdir/enhancements/fy0627/2005297155-d.html |
| 923 | # | # | |a 01/2011CT |
| 991 | # | # | |a GT |
| 992 | # | # | |a 0 |
| 994 | # | # | |a KCT |
| 900 | # | # | |a True |
| 911 | # | # | |a Đào Thị Thu Huyền |
| 925 | # | # | |a G |
| 926 | # | # | |a A |
| 927 | # | # | |a SH |
| 980 | # | # | |a Thư viện Trường Đại học Đà Lạt |


